| 000 | 01607ngm a22003730a 4500 | ||
|---|---|---|---|
| 001 | PT44193 | ||
| 003 | AR-LpoUNG | ||
| 005 | 20210201235945.0 | ||
| 007 | vd cvaizq | ||
| 008 | 191001s[197||||ag |||||||||||||||||ita d | ||
| 040 |
_aAR-LpoUNG _bspa _cAR-LpoUNG _eaacr |
||
| 041 | _aita | ||
| 044 | _aag | ||
| 082 | 0 | _a302.54 433mim | |
| 100 | 1 |
_aWertmüller, Lina _edir. |
|
| 245 | 1 | 0 | _aMimí metalúrgico |
| 260 |
_aBuenos Aires : _bPagina 12, _c[1972]. |
||
| 300 | _aDVD (105 min.) : son., col. | ||
| 505 | 0 | _aHecha en 1972. - Guión: Lina Wertmüller. - Música: Piero Piccioni. - Fotografía: Dario Di Palma. - Elenco: Giancarlo Giannini, Mariangela Melato, Agostina Belli, Turi Ferro, Luigi Diberti, Elena Fiore, Tuccio Musumeci, Ignazio Pappalardo | |
| 520 | _aLuego de negarse a votar por el candidato de la mafia en su pueblo, un operario, Carmelo Mardocheo conocido como Mimi es obligado a emigrar a Torino, y dejar a su extremadamente aburrida esposa Rosalia.- Alli se enamora perdidamente de Fiore, y con ella Carmelo encuentra una nueva familia.- Tiene un niño y el dia del bautismo se produce un serio enfrentamiento en el cafe donde estan celebrando y poco tiempo despues Carmelo es transferido a Catania, a solamente unas pocas millas de su ciudad natal.- | ||
| 650 | 4 | _aCONFLICTOS POLITICOS | |
| 650 | 4 | _aIDEOLOGIAS POLITICAS | |
| 650 | 4 | _aITALIA | |
| 650 | 4 | _aPOLITICA | |
| 650 | 4 | _aSOCIEDAD | |
| 650 | 4 | _aVIOLENCIA | |
| 651 | 4 | _aItalia | |
| 653 | _aCINE | ||
| 653 | _aCINE ITALIANO | ||
| 653 | _aCOMEDIA | ||
| 653 | _aVIDEOS | ||
| 905 | _a44193 | ||
| 942 | _cDVD | ||
| 999 |
_c53851 _d53851 |
||